000 00538nam a2200181 4500
001 128022
003 ES-MaACL
005 20230906193137.0
007 t|
008 070214s1971 sp r ||||1| spa d
100 1 _aRives, John.
_997719
245 1 3 _aLa conducción de automóviles /
_cpor Johnny Rives ; [traducción de Joan Massaguer].
250 _a1ª ed.
260 _aVilassar de Mar :
_bOikos-tau,
_c1971.
300 _a126 p. :
_bil. ;
_c18 cm.
700 1 _aMassaguer, Joan.
_978788
852 _aES-MaACL
_jC-44413
_bR.76180
999 _c128022
_d128022